House Characters Quiz Stats

 Plays Quiz Updated Nov 12, 2018

Support Sporcle.
Go Orange.
Score 0/18 Timer 04:00
1 Play Today
Actor/Actress Character % Correct
Hugh LaurieGregory House
99.8%
Lisa EdelsteinLisa Cuddy
88%
Olivia WildeRemy 'Thirteen' Hadley
82.9%
Jesse SpencerRobert Chase
77.4%
Robert Sean LeonardJames Wilson
76.6%
Omar EppsEric Foreman
74%
Jennifer MorrisonAllison Cameron
68.9%
Kal PennLawrence Kutner
46.4%
Anne DudekAmber Volakis
43.9%
Actor/Actress Character % Correct
Peter JacobsonChris Taub
42.9%
Charlyne YiChi Park
23%
Sela WardStacy Warner
22%
Amber TamblynMartha M. Masters
21.2%
Odette AnnableJessica Adams
15.7%
David MorseDetective Michael Tritter
13.3%
Chi McBrideEdward Vogler
11.6%
Stephanie VendittoNurse Brenda Previn
5.8%
Michael WestonLucas Douglas
3.3%

From the Vault

Star Wars: Characters by First and Last Lines

by lucyinthesky9

Movies 6m
Apparently a new Star Wars film is coming out soon. I guess it's supposed to be kind of a big deal.
Remove Ads.
Support Sporcle.
Get the best of Sporcle when you Go Orange. This ad-free experience offers more features, more stats, and more fun while also helping to support Sporcle. Thank you for becoming a member.

Show Comments

Extras

Top Quizzes Today


Score Distribution

Your Account Isn't Verified!

In order to create a playlist on Sporcle, you need to verify the email address you used during registration. Go to your Sporcle Settings to finish the process.

Report this User

Report this user for behavior that violates our Community Guidelines.

Details: